<?xml version="1.0" encoding="UTF-8"?>
<collection xmlns="http://www.loc.gov/MARC21/slim">
 <record>
  <leader>02722nam a22003377a 4500</leader>
  <controlfield tag="001">NCT_48487</controlfield>
  <controlfield tag="008">180907b        xxu||||| |||| 00| 0 vie d</controlfield>
  <datafield tag="999" ind1=" " ind2=" ">
   <subfield code="c">2322</subfield>
   <subfield code="d">2322</subfield>
  </datafield>
  <datafield tag="020" ind1=" " ind2=" ">
   <subfield code="a">9786048222772</subfield>
   <subfield code="c">170000</subfield>
  </datafield>
  <datafield tag="082" ind1="0" ind2="4">
   <subfield code="2">23rd ed.</subfield>
   <subfield code="a">628.366</subfield>
   <subfield code="b">A107</subfield>
  </datafield>
  <datafield tag="100" ind1="1" ind2=" ">
   <subfield code="a">Nguyễn Việt Anh</subfield>
   <subfield code="e">Chủ biên</subfield>
  </datafield>
  <datafield tag="245" ind1="1" ind2="0">
   <subfield code="a">Xử lý bùn của trạm xử lý nước thải</subfield>
   <subfield code="c">Nguyễn Việt Anh (chủ biên); Bùi Thị Thúy, Vũ Thị Minh Thanh</subfield>
  </datafield>
  <datafield tag="260" ind1=" " ind2=" ">
   <subfield code="a">H.</subfield>
   <subfield code="b">Xây dựng</subfield>
   <subfield code="c">2017</subfield>
  </datafield>
  <datafield tag="300" ind1=" " ind2=" ">
   <subfield code="a">316 tr.</subfield>
   <subfield code="b">Minh họa</subfield>
   <subfield code="c">24cm</subfield>
  </datafield>
  <datafield tag="520" ind1="3" ind2=" ">
   <subfield code="a">Sách đề cập những kiếm thức cơ bản về nguồn gốc phát sinh, thành phần, tính chất bùn từ trạm xử lý nước thải, các phương pháp xử lý bùn mới nhất hiện nay, cách tính toán thiết kế và vận hành các công trình xử lý bùn....</subfield>
  </datafield>
  <datafield tag="653" ind1=" " ind2=" ">
   <subfield code="a">Kỹ thuật môi trường</subfield>
  </datafield>
  <datafield tag="653" ind1=" " ind2=" ">
   <subfield code="a">Quản lý tài nguyên môi trường</subfield>
  </datafield>
  <datafield tag="700" ind1="1" ind2=" ">
   <subfield code="a">Bùi Thị Thủy</subfield>
  </datafield>
  <datafield tag="700" ind1="1" ind2=" ">
   <subfield code="a">Vũ Thị Minh Thanh</subfield>
  </datafield>
  <datafield tag="942" ind1=" " ind2=" ">
   <subfield code="2">ddc</subfield>
   <subfield code="c">BK</subfield>
  </datafield>
  <datafield tag="952" ind1=" " ind2=" ">
   <subfield code="0">0</subfield>
   <subfield code="1">0</subfield>
   <subfield code="2">ddc</subfield>
   <subfield code="4">0</subfield>
   <subfield code="6">628_366000000000000_A107</subfield>
   <subfield code="7">0</subfield>
   <subfield code="9">13423</subfield>
   <subfield code="a">000001</subfield>
   <subfield code="b">000001</subfield>
   <subfield code="d">2018-09-07</subfield>
   <subfield code="o">628.366 A107</subfield>
   <subfield code="p">MD.13162</subfield>
   <subfield code="r">2018-09-07</subfield>
   <subfield code="v">999999.99</subfield>
   <subfield code="w">2018-09-07</subfield>
   <subfield code="y">BK</subfield>
  </datafield>
  <datafield tag="952" ind1=" " ind2=" ">
   <subfield code="0">0</subfield>
   <subfield code="1">0</subfield>
   <subfield code="2">ddc</subfield>
   <subfield code="4">0</subfield>
   <subfield code="6">628_366000000000000_A107</subfield>
   <subfield code="7">0</subfield>
   <subfield code="9">13424</subfield>
   <subfield code="a">000001</subfield>
   <subfield code="b">000001</subfield>
   <subfield code="d">2018-09-07</subfield>
   <subfield code="o">628.366 A107</subfield>
   <subfield code="p">MD.13163</subfield>
   <subfield code="r">2018-09-07</subfield>
   <subfield code="v">999999.99</subfield>
   <subfield code="w">2018-09-07</subfield>
   <subfield code="y">BK</subfield>
  </datafield>
  <datafield tag="952" ind1=" " ind2=" ">
   <subfield code="0">0</subfield>
   <subfield code="1">0</subfield>
   <subfield code="2">ddc</subfield>
   <subfield code="4">0</subfield>
   <subfield code="6">628_366000000000000_A107</subfield>
   <subfield code="7">0</subfield>
   <subfield code="9">13425</subfield>
   <subfield code="a">000001</subfield>
   <subfield code="b">000001</subfield>
   <subfield code="d">2018-09-07</subfield>
   <subfield code="o">628.366 A107</subfield>
   <subfield code="p">MD.13164</subfield>
   <subfield code="r">2018-09-07</subfield>
   <subfield code="v">999999.99</subfield>
   <subfield code="w">2018-09-07</subfield>
   <subfield code="y">BK</subfield>
  </datafield>
  <datafield tag="952" ind1=" " ind2=" ">
   <subfield code="0">0</subfield>
   <subfield code="1">0</subfield>
   <subfield code="2">ddc</subfield>
   <subfield code="4">0</subfield>
   <subfield code="6">628_366000000000000_A107</subfield>
   <subfield code="7">0</subfield>
   <subfield code="9">13426</subfield>
   <subfield code="a">000001</subfield>
   <subfield code="b">000001</subfield>
   <subfield code="d">2018-09-07</subfield>
   <subfield code="o">628.366 A107</subfield>
   <subfield code="p">MD.13165</subfield>
   <subfield code="r">2018-09-07</subfield>
   <subfield code="v">999999.99</subfield>
   <subfield code="w">2018-09-07</subfield>
   <subfield code="y">BK</subfield>
  </datafield>
  <datafield tag="952" ind1=" " ind2=" ">
   <subfield code="0">0</subfield>
   <subfield code="1">0</subfield>
   <subfield code="2">ddc</subfield>
   <subfield code="4">0</subfield>
   <subfield code="6">628_366000000000000_A107</subfield>
   <subfield code="7">0</subfield>
   <subfield code="9">13427</subfield>
   <subfield code="a">000001</subfield>
   <subfield code="b">000001</subfield>
   <subfield code="d">2018-09-07</subfield>
   <subfield code="o">628.366 A107</subfield>
   <subfield code="p">MD.13166</subfield>
   <subfield code="r">2018-09-07</subfield>
   <subfield code="v">999999.99</subfield>
   <subfield code="w">2018-09-07</subfield>
   <subfield code="y">BK</subfield>
  </datafield>
  <datafield tag="952" ind1=" " ind2=" ">
   <subfield code="0">0</subfield>
   <subfield code="1">0</subfield>
   <subfield code="2">ddc</subfield>
   <subfield code="4">0</subfield>
   <subfield code="6">628_366000000000000_A107</subfield>
   <subfield code="7">0</subfield>
   <subfield code="9">13428</subfield>
   <subfield code="a">000001</subfield>
   <subfield code="b">000001</subfield>
   <subfield code="d">2018-09-07</subfield>
   <subfield code="o">628.366 A107</subfield>
   <subfield code="p">MD.13167</subfield>
   <subfield code="r">2018-09-07</subfield>
   <subfield code="v">999999.99</subfield>
   <subfield code="w">2018-09-07</subfield>
   <subfield code="y">BK</subfield>
  </datafield>
  <datafield tag="952" ind1=" " ind2=" ">
   <subfield code="0">0</subfield>
   <subfield code="1">0</subfield>
   <subfield code="2">ddc</subfield>
   <subfield code="4">0</subfield>
   <subfield code="6">628_366000000000000_A107</subfield>
   <subfield code="7">0</subfield>
   <subfield code="9">13429</subfield>
   <subfield code="a">000001</subfield>
   <subfield code="b">000001</subfield>
   <subfield code="d">2018-09-07</subfield>
   <subfield code="o">628.366 A107</subfield>
   <subfield code="p">MD.13168</subfield>
   <subfield code="r">2018-09-07</subfield>
   <subfield code="v">999999.99</subfield>
   <subfield code="w">2018-09-07</subfield>
   <subfield code="y">BK</subfield>
  </datafield>
  <datafield tag="952" ind1=" " ind2=" ">
   <subfield code="0">0</subfield>
   <subfield code="1">0</subfield>
   <subfield code="2">ddc</subfield>
   <subfield code="4">0</subfield>
   <subfield code="6">628_366000000000000_A107</subfield>
   <subfield code="7">0</subfield>
   <subfield code="9">13430</subfield>
   <subfield code="a">000001</subfield>
   <subfield code="b">000001</subfield>
   <subfield code="d">2018-09-07</subfield>
   <subfield code="o">628.366 A107</subfield>
   <subfield code="p">MD.13169</subfield>
   <subfield code="r">2018-09-07</subfield>
   <subfield code="v">999999.99</subfield>
   <subfield code="w">2018-09-07</subfield>
   <subfield code="y">BK</subfield>
  </datafield>
  <datafield tag="952" ind1=" " ind2=" ">
   <subfield code="0">0</subfield>
   <subfield code="1">0</subfield>
   <subfield code="2">ddc</subfield>
   <subfield code="4">0</subfield>
   <subfield code="6">628_366000000000000_A107</subfield>
   <subfield code="7">0</subfield>
   <subfield code="9">13431</subfield>
   <subfield code="a">000001</subfield>
   <subfield code="b">000001</subfield>
   <subfield code="d">2018-09-07</subfield>
   <subfield code="o">628.366 A107</subfield>
   <subfield code="p">MD.13170</subfield>
   <subfield code="r">2018-09-07</subfield>
   <subfield code="v">999999.99</subfield>
   <subfield code="w">2018-09-07</subfield>
   <subfield code="y">BK</subfield>
  </datafield>
  <datafield tag="952" ind1=" " ind2=" ">
   <subfield code="0">0</subfield>
   <subfield code="1">0</subfield>
   <subfield code="2">ddc</subfield>
   <subfield code="4">0</subfield>
   <subfield code="6">628_366000000000000_A107</subfield>
   <subfield code="7">0</subfield>
   <subfield code="9">13432</subfield>
   <subfield code="a">000001</subfield>
   <subfield code="b">000001</subfield>
   <subfield code="d">2018-09-07</subfield>
   <subfield code="o">628.366 A107</subfield>
   <subfield code="p">MD.13171</subfield>
   <subfield code="r">2018-09-07</subfield>
   <subfield code="v">999999.99</subfield>
   <subfield code="w">2018-09-07</subfield>
   <subfield code="y">BK</subfield>
  </datafield>
  <datafield tag="980" ind1=" " ind2=" ">
   <subfield code="a">Thư viện Trường Đại học Nam Cần Thơ</subfield>
  </datafield>
 </record>
</collection>
